LIBRARY & INFORMATION CENTRE, KCAET, TAVANUR

ONLINE PUBLIC ACCESS CATALOGUE (OPAC)

FIELD TESTING OF A POWERED PADDY HILL SEEDER ATTACHMENT WITH AN OSCILLATING SINGLE CELL METERING ROLLER AND FURROW BOOT SHUTTER GATE MECHANISMS (Record no. 17651)

MARC details
000 -LEADER
fixed length control field 00456nam a22001337a 4500
003 - CONTROL NUMBER IDENTIFIER
control field OSt
082 ## - DEWEY DECIMAL CLASSIFICATION NUMBER
Classification number 631
088 ## - REPORT NUMBER
Report number T568
100 ## - MAIN ENTRY--AUTHOR NAME
Personal name SREERAG K P
245 ## - TITLE STATEMENT
Title FIELD TESTING OF A POWERED PADDY HILL SEEDER ATTACHMENT WITH AN OSCILLATING SINGLE CELL METERING ROLLER AND FURROW BOOT SHUTTER GATE MECHANISMS
260 ## - PUBLICATION, DISTRIBUTION, ETC. (IMPRINT)
Place of publication Thavanur
Year of publication 2023
700 ## - ADDED ENTRY--PERSONAL NAME
Personal name Manoj mathew(Guide)
942 ## - ADDED ENTRY ELEMENTS (KOHA)
Koha item type Theses
260 ## - PUBLICATION, DISTRIBUTION, ETC. (IMPRINT)
-- Department of farm machinery and power engineering
Holdings
Home library Current library Full call number Accession Number Koha item type Public note
KAUAET KAUAET 631 T 568 Theses M.Tech Thesis
free website counter